000 00598nam a22001937a 4500
005 20251108164016.0
008 250721s2000 xx 000 0 ara d
082 1 4 _a345.0209565/جبو
100 1 _aالجبور، محمد
245 1 0 _aالجرائم الواقعة على الأشخاص في قانون العقوبات الأردني :
_bدراسة مقارنة /
264 1 _aعمان :
_c2000.
300 _a419ص.
650 1 7 _aالقانون
650 1 7 _aالقانون الجنائي
650 1 7 _aالعقوبات
650 1 7 _aالأردن
942 _2ddc
_cBK
999 _c1308
_d1308